Państwa na A - Statystyki

Ogólne statystyki
  • Ten quiz został rozwiązany 58 razy
  • Średni wynik to 9 z 12
Statystyki odpowiedzi
Odpowiedź % Poprawnych
Argentyna
91%
Andora
85%
Australia
83%
Albania
81%
Austria
81%
Angola
74%
Azerbejdżan
74%
Arabia Saudyjska
70%
Armenia
70%
Afganistan
66%
Antigua i Barbuda
58%
Algieria
57%
Nie znaleziono quizów pasujących do podanych kryteriów
Rozkład punktacji
Procent ludzi z każdym wynikiem
Percentyl według liczby udzielonych odpowiedzi
Twoja historia wyników
Nie rozwiązałeś tego quizu